| 000 | 00359nam a2200145 4500 | ||
|---|---|---|---|
| 020 | _a9789348132697 | ||
| 082 |
_aM 030 _bSUV/K |
||
| 100 | _aSuvitha M V | ||
| 245 |
_aKTET: _bmanasasthravum bodhanasasthravum/ _cby Suvitha M V |
||
| 260 |
_aKozhikkode: _bAtma books, _c2024. |
||
| 300 | _a360p. | ||
| 650 | _aKTET | ||
| 650 | _aGeneral studies | ||
| 942 | _cBK | ||
| 999 |
_c181907 _d181907 |
||